000 00487nam a2200181Ia 4500
005 20240823025140.0
008 240823s9999||||xx |||||||||||||| ||und||
041 _aENGLISH
082 _A388 P7
100 _aJaya Krishna S Ed.
245 0 _aTransportation Management Imperative and Best Practice
250 _a1
260 _c2007
_bThe ICFAI University
_aHyderabad
500 _aYES
650 _aTransportation Management
_bManagement Studies
942 _cBK
999 _c185625
_d185625